000 00640cam a22002411 4500
001 sa 63002998
003 DLC
005 20260227111938.0
008 891228s1962 ii a 000 0 pano
010 _asa 63002998
025 _aPL480:I-Pu-222
035 _a(OCoLC)20832246
040 _aDLC
_cWaU
_dNSyU
_dDLC
042 _apremarc
050 0 0 _aPK2659.S513
_bA8
100 1 _aSingh, Joga.
245 1 0 _aAṇkhī sūrme,
_cJogā Siṅgha 'Jogī.'
250 _aPahilī wāra.
260 _aAmmritasara,
_bDarabara Pabalishiṅga Hāusa
_c[1962?]
300 _a112 p.
_billus.
_c23 cm.
500 _aIn Panjabi.
500 _aPoems.
999 _c54840
_d54840